000 00652nam a2200193Ii 4500
003 JO-AjNU
008 230606s9999||||xx |||||||||||||| ||und||
040 _aJO-AjNU
_beng
_erda
_cJO-AjNU
041 _aeng
050 1 4 _aQA76 2015
100 3 _apreparation Qais Omar Mestarihi , Supervisor Mohammed Bani Younes,
_eauthor
_96067
245 0 0 _aCourse Matrix System
264 3 1 _aAjIoun: AjIoun National University, 2015
300 _a21p
_b Graduation project, AjIoun National University, 2015
336 _atext
_btxt
_2rdacontent
337 _aunmediated
_bn
_2rdamedia
338 _avolume
_bnc
_2rdacarrier
650 4 _aCourse Matrix System
_96068
999 _aE3147
_c3144
_d3144